00639cam a2200205 a 4500001000800000005001700008008004100025020001500066040001800081082001300099100002000112245011000132260003900242300001600281650001300297650001800310942000600328952008600334999001300420117713820240202013437.0960725s1995 ii b 001 0 eng  a8185229082 aDLCcDLCdDLC00a306.2211 aPanikkar, K. N.10aCulture, ideology, hegemony :bintellectuals and social consciousness in colonial India /cK.N. Panikkar. aNew Delhi, India :bTulika,c1995. ax, 212 p. ; 0aIdeology 0aIntellectuals cL 001040708LaWERCLbWERCLd2024-02-02l0o306.p2910r2024-02-02w2024-02-02yL c270d270